Macromolecules containing metal and metal-like elements

This book provides useful descriptions of applications for the reader to apply in his/her research into materials, polymers, and medicine/drug development. It covers non-linear optical materials, speciality magnetic materials, liquid crystals, anticancer and antiviral drugs, treatment of arthritis,...

وصف كامل

محفوظ في:
التفاصيل البيبلوغرافية
التنسيق: كتاب
اللغة:Undetermined
منشور في: Hoboken, NJ John Wiley & Sons 2003
الموضوعات:
الوسوم: إضافة وسم
لا توجد وسوم, كن أول من يضع وسما على هذه التسجيلة!
Thư viện lưu trữ: Trung tâm Học liệu Trường Đại học Cần Thơ
LEADER 01316nam a2200193Ia 4500
001 CTU_165729
008 210402s9999 xx 000 0 und d
020 |c 200.00 
082 |a 547.05 
082 |b M174/Vol.1 
245 0 |a Macromolecules containing metal and metal-like elements 
245 0 |c Alaa S. Abd-El-Aziz ... [et al.] 
260 |a Hoboken, NJ 
260 |b John Wiley & Sons 
260 |c 2003 
520 |a This book provides useful descriptions of applications for the reader to apply in his/her research into materials, polymers, and medicine/drug development. It covers non-linear optical materials, speciality magnetic materials, liquid crystals, anticancer and antiviral drugs, treatment of arthritis, antibacterial drugs, antifouling materials, treatment of certain vitamin deficiencies, electrical conductors and semiconductors, piezoelectronic materials, electrodes, UV absorption applications, super-strength materials, special lubricants and gaskets, selective catalytic and multisite catalytic agents 
650 |a Đa hợp chất hữu cơ kim loại,Đại phân tử,Organometallic polymers,Organometallic compounds,Macromolecules,Hợp chất hữu cơ kim loại 
904 |i Loan, Dinh Thu, Bạch Trúc 
980 |a Trung tâm Học liệu Trường Đại học Cần Thơ